Erfolgreichste GameCube-Spiele nach Hauptschurken - Statistiken

Allgemein
  • Dieses Quiz wurde 14 mal gespielt
  • Das Durchschnittsergebnis liegt bei 9 aus 16
Antwortstatistiken
Bildquiz Antwort % Korrekt
Super Mario Sunshine / Mario Party 4 / Mario Party 5 / Mario Party 7 / Mario Party 6
83%
Super Smash Bros. Melee
83%
Luigi's Mansion
75%
Metroid Prime
75%
Pikmin
75%
The Legend of Zelda: The Wind Waker
75%
Resident Evil
67%
Paper Mario: Die Legende vom Äonentor
50%
Sonic Adventure DX / Sonic Heroes / Sonic Mega Collection
50%
The Legend of Zelda: Twilight Princess
50%
Pokémon Colosseum
42%
Star Fox Adventures
42%
Final Fantasy Crystal Chronicles
33%
Pokémon XD: Gale of Darkness
33%
Resident Evil 4
33%
Sonic Adventure 2: Battle
17%
Keine übereinstimmenden Quizze gefunden
Verteilung der Resultate
Anzahl Personen mit jedem Resultat
Perzentil nach korrekt beantworteten Fragen
Ihre Resultats-Entwicklung
Sie haben dieses Quiz noch nicht gespielt